| 000 | 00690nam a2200253Ia 4500 | ||
|---|---|---|---|
| 008 | 191130s2003##################000#0#eng## | ||
| 020 | _a9781580420662 | ||
| 022 | _a2002104553 | ||
| 040 |
_aACL _cACL |
||
| 082 | _a795 ALL | ||
| 100 | _aAllen, J. Edward | ||
| 245 |
_aBeat the odds _cJ. Edward Allen |
||
| 250 | _a4th ed | ||
| 260 |
_aBrooklyn, NY _bCardoza Publishing _c2003 |
||
| 300 | _a320 p. : ill. ; 18 cm | ||
| 500 | _aAt foot of title: Gambling Research Institute | ||
| 650 | _aGambling | ||
| 650 | _aGames | ||
| 650 | _aProbabilities | ||
| 710 | _aGambling Research Institute | ||
| 990 | _a876c3bc0ac10000c6dd7342c485ca731 | ||
| 991 | _a325714 | ||
| 999 |
_c112764 _d112764 |
||